专名中所有字在其余中国城市中均未出现的中国城市 - Statistics

General Stats
  • This quiz has been taken 34 times
  • The average score is 6 of 23
Answer Stats
省级行政区 城市 % Correct
河北省 邯郸市
84%
山西省 吕梁市
71%
安徽省 蚌埠市
39%
湖南省 娄底市
39%
广西壮族自治区 百色市
35%
四川省 邛崃市
29%
江苏省 仪征市
26%
青海省 茫崖市
26%
山东省 菏泽市
23%
贵州省 毕节市
23%
云南省 个旧市
23%
广东省 茂名市
19%
黑龙江省 尚志市
16%
云南省 腾冲市
16%
台湾省 苗栗市
16%
吉林省 桦甸市
13%
江苏省 如皋市
13%
江苏省 句容市
13%
山东省 栖霞市
13%
山西省 介休市
10%
河南省 舞钢市
10%
广西壮族自治区 荔浦市
10%
黑龙江省 穆棱市
3%
No matching quizzes found
Score Distribution
Percent of People with Each Score
Percentile by Number Answered
Your Score History
You have not taken this quiz